000 00353nam a2200133Ia 4500
005 20251222143202.0
008 251222s9999||||xx |||||||||||||| ||spa||
020 _a84-481-3191-6
082 _a371.2/M26
100 _aMartín Fernández, Evaristo
245 0 _aGestión de Instituciones Educativas Inteligentes:
264 _bMcGraw-Hill
942 _cLIB
999 _c13092
_d13092